A à Z : les plus grands pays - Statistiques

Statistiques générales
  • Ce quiz a été pris 109 fois
    31 depuis la dernière actualisation
  • Le résultat moyen est 17 sur 24
Statistiques - réponses
Lettre Pays % Correct
B Brésil
96%
C Canada
96%
E États-Unis
96%
R Russie
93%
Y Yémen
89%
A Australie
86%
Z Zambie
86%
I Inde
82%
K Kazakhstan
82%
Q Qatar
82%
F France
79%
J Japon
75%
D Danemark
71%
M Mexique
71%
O Ouzbékistan
68%
V Venezuela
68%
H Hongrie
64%
U Ukraine
64%
P Pérou
54%
N Niger
50%
G Gabon
46%
S Soudan
46%
L Libye
29%
T Tchad
29%
Aucun quiz correspondant
Distribution des résultats
% des personnes avec chaque résultat
Percentile par nombre de réponses
Votre historique - résultats
Vous n’avez pas pris ce quiz depuis la dernière actualisation